| 000 | 00825nam a2200277Ia 4500 | ||
|---|---|---|---|
| 001 | Z_636 | ||
| 003 | CHAP | ||
| 008 | 220113s1988 xx 000 0 und d | ||
| 010 | _a163747 | ||
| 040 | _cCHAP | ||
| 090 | _aTesis R 433 | ||
| 100 |
_aRuiz Rodríguez, José Manuel _9100772 |
||
| 245 |
_aComportamiento de gramíneas tropicales en un jardín de introducción / _cpor José Manuel Ruiz Rodríguez |
||
| 260 |
_aChapingo, Méx. : _bEl autor, _c1988 |
||
| 300 | _a95 h. | ||
| 502 | _aTesis (Ing. Agrónomo Esp. en Zootecnia) -- UACH. Departamento de Zootecnia | ||
| 650 |
_aGramíneas _xTrópicos _950293 |
||
| 650 |
_aPastos forrajeros _xTrópicos _986121 |
||
| 650 |
_aPastos _xIntroducción _986051 |
||
| 901 | _aTESIS R 433 | ||
| 902 | _aM | ||
| 910 | _a1988 | ||
| 942 | _c2 | ||
| 942 | _c2 | ||
| 999 |
_c163747 _d163747 |
||